000 00713nam a2200289Ia 4500
005 20260324115944.0
008 008 260324s9999 xx 000 0 eng d
020 _a9781315588506
037 _aEBOOK
040 _aCRL
040 _beng
040 _cCRL
041 _2eng
041 _aeng
084 _qCRL
100 _aOlga Sasunkevich
_91156654
245 0 _aInformal Trade, Gender and the Border Experience
245 0 _bFrom Political Borders to Social Boundaries
260 _bTaylor and Francis
260 _c2015
365 _a
365 _b230
856 _uhttp://www.taylorfrancis.com/books/9781315588506
942 _cEBOOK
999 _c1747917
_d1747917